|
|
|
|
| LEADER |
00896nam a2200241 a 4500 |
| 001 |
597755 |
| 008 |
090615s2004 nyua 000 0 eng d |
| 010 |
|
|
|a 91018718
|
| 020 |
|
|
|a 0007105800
|
| 040 |
|
|
|a DLC
|c DLC
|d DLC
|
| 082 |
0 |
0 |
|a 658.4/02
|2 20
|
| 100 |
1 |
|
|a Blanchard, Kenneth H.
|
| 245 |
1 |
4 |
|a The one minute manager builds high performing teams /
|c Ken Blanchard, Donald Carew, Eunice Parisi-Carew.
|
| 250 |
|
|
|a First ed.
|
| 260 |
|
|
|a Hammersmith, London :
|b HarperCollins Publishers,
|c 2004.
|
| 300 |
|
|
|a 111 p. ;
|c 22 cm.
|
| 541 |
1 |
|
|e 00013332
|
| 650 |
|
0 |
|a Teams in the workplace.
|
| 700 |
1 |
|
|a Carew, Donald.
|
| 700 |
2 |
|
|a Parisi-Carew, Eunice.
|
| 852 |
4 |
|
|a Ayesha Abed Library
|j General Shelf.
|
| 999 |
|
|
|c 1686
|d 1686
|
| 952 |
|
|
|0 0
|1 0
|2 ddc
|4 0
|6 658_402000000000000_BLA
|7 0
|9 1545
|a BRACUL
|b BRACUL
|c GEN
|d 2009-06-28
|g 565.00
|l 5
|m 41
|o 658.402 BLA
|p 3010013332
|r 2022-07-07
|s 2022-04-03
|t 1
|w 2009-06-28
|y BK
|